La teoría de la política fiscal : diversos enfoques /
Análisis de las teorías, modelos y enfoques de las escuelas de pensamiento económicos más relevantes en la fundamentación conceptual de la política fiscal, estructurado en los siguientes capítulos: 1. Introducción. 2. La política fiscal en el marco de la síntesis neoclásica. 3. Problemas que afectan...
保存先:
| 第一著者: | |
|---|---|
| その他の著者: | |
| フォーマット: | 図書 |
| 言語: | スペイン語 |
| 出版事項: |
Madrid, España :
Dykinson,
1990, c1990
|
| 主題: | |
| タグ: |
タグなし, このレコードへの初めてのタグを付けませんか!
|
MARC
| LEADER | 00000nam^a2200000^a^4500 | ||
|---|---|---|---|
| 001 | 000147453 | ||
| 005 | 20250521000000.0 | ||
| 009 | 20260310095948.027 | ||
| 020 | |a 84-86133-85-8 | ||
| 037 | |a Acervo ITESO - Biblioteca | ||
| 041 | |a ESP | ||
| 082 | |a 336. 3 |b CAL | ||
| 100 | |a Calvo Bernardino, Antonio |e (autor) | ||
| 245 | 1 | 3 | |a La teoría de la política fiscal : |b diversos enfoques / |c A. Calvo Bernardino, M.A. Galindo Martín ; pról. de José Alberto Parejo Gámir. |
| 264 | 4 | |a Madrid, España : |b Dykinson, |c 1990, c1990 | |
| 300 | |a 291 p. | ||
| 336 | |a texto |b txt |2 rdacontenido | ||
| 337 | |a sin mediación |b n |2 rdamedio | ||
| 338 | |a volumen |b nc |2 rdasoporte | ||
| 520 | |a Análisis de las teorías, modelos y enfoques de las escuelas de pensamiento económicos más relevantes en la fundamentación conceptual de la política fiscal, estructurado en los siguientes capítulos: 1. Introducción. 2. La política fiscal en el marco de la síntesis neoclásica. 3. Problemas que afectan a la eficacia de la política fiscal. 4. Los planteamientos de los enfoques keynesianos sobre la política fiscal. 5. El enfoque monetarista. 6. Otras corrientes de pensamiento. 7. La realidad de la política fiscal y 8. Conclusiones. | ||
| 649 | |a XX | ||
| 650 | |a Política Fiscal - |x Teoría | ||
| 650 | |a Política Económica | ||
| 650 | |a Economía | ||
| 700 | |a Galindo Martín, Miguel Angel |e (autor) | ||
| 910 | |a Fondo General | ||
| 920 | |a Impresos - Libros | ||
| 930 | |a Colección General | ||
| 905 | |a 101 | ||
| 901 | |a 0500077229 |b IT1 |c ACC |u 20250521 | ||
| 902 | |a https://opac.biblio.iteso.mx/vufind/Record/000147453 | ||